| 000 | 00500nam a22001577a 4500 | ||
|---|---|---|---|
| 003 | NUST | ||
| 038 | _aNusrat Nadeem | ||
| 082 | _a200 | ||
| 100 |
_aAbbasi, Ushnah _9130556 |
||
| 245 |
_aMedical Image Segmentation using deep learning/ _cUshnah Abbasi, |
||
| 264 |
_aIslamabad _bSEECS NUST. _c2025. |
||
| 650 |
_aMS-Artificial Intelligence _9124951 |
||
| 700 |
_aSupervisor: Muhammad Daud Abdullah Asif _9130557 |
||
| 856 | _u http://10.250.8.41:8080/xmlui/handle/123456789/54579 | ||
| 942 |
_2ddc _cSC |
||
| 999 |
_c614750 _d614750 |
||